| 000 | 01335nam a22002657a 4500 | ||
|---|---|---|---|
| 005 | 20260413123438.0 | ||
| 008 | 260413t2022 |||||||| |||| 00| 0 eng d | ||
| 020 | _a9780226836744 | ||
| 040 |
_aCO-BoUCM _bspa _cSandra Palacio _dSandra Palacio |
||
| 041 | _aeng | ||
| 100 |
_aMattei, Clara E. _9188586 |
||
| 245 | 1 | 4 |
_aThe capital order _bhow economists invented austerity and paved the way to fascism _cClara E. Mattei |
| 260 |
_aChicago _bUniversity of Chicago Press _c2024 |
||
| 300 | _a452 páginas | ||
| 500 | _aPublicado originalmente en 2022. La impresión actual indica fecha de marzo de 2026. | ||
| 504 | _aIncluye referencias bibliográficas e índices | ||
| 520 | 3 | _aUn análisis crítico sobre cómo la austeridad económica fue concebida como un mecanismo de defensa del capital contra la movilización laboral después de la Gran Guerra, analizando los casos de Gran Bretaña e Italia y su conexión con los regímenes autoritarios. | |
| 650 | 4 |
_aCapitalismo _xHistoria _ySiglo XX _9188587 |
|
| 650 | 4 |
_aPolítica económica _921972 |
|
| 650 | 4 |
_aFascismo _xHistoria _zItalia _9188588 |
|
| 651 | 4 |
_aGran Bretaña _xCondiciones económicas _y1918-1945 _9188589 |
|
| 651 | 4 |
_aItalia _xCondiciones económicas _y1918-1945 _9188590 |
|
| 942 |
_2DEWEY _a7 _cLIBRO _e1 _h330.122 _mM435 |
||
| 999 |
_c326244 _d326244 |
||